<?xml version="1.0" encoding="UTF-8"?>
<record
    xmlns:xsi="http://www.w3.org/2001/XMLSchema-instance"
    xsi:schemaLocation="http://www.loc.gov/MARC21/slim http://www.loc.gov/standards/marcxml/schema/MARC21slim.xsd"
    xmlns="http://www.loc.gov/MARC21/slim">

  <leader>00901nam a2200277 a 4500</leader>
  <controlfield tag="005">20240515102849.0</controlfield>
  <controlfield tag="008">100930e2016||||ag     f |||| 001 0 spa d</controlfield>
  <datafield tag="020" ind1=" " ind2=" ">
    <subfield code="a">9789871639489</subfield>
  </datafield>
  <datafield tag="041" ind1=" " ind2=" ">
    <subfield code="a">spa</subfield>
  </datafield>
  <datafield tag="092" ind1=" " ind2=" ">
    <subfield code="c">610.1</subfield>
    <subfield code="l">76</subfield>
    <subfield code="s">RUB</subfield>
  </datafield>
  <datafield tag="100" ind1="1" ind2=" ">
    <subfield code="a">Rubinstein, Esteban</subfield>
    <subfield code="9">302</subfield>
  </datafield>
  <datafield tag="245" ind1=" " ind2=" ">
    <subfield code="a">Nietzsche y la medicina.</subfield>
    <subfield code="b">Un libro para m&#xE9;dicos y no m&#xE9;dicos /</subfield>
    <subfield code="c">Esteban Rubinstein</subfield>
  </datafield>
  <datafield tag="250" ind1=" " ind2=" ">
    <subfield code="a">1a ed. 1ra reimp.</subfield>
  </datafield>
  <datafield tag="260" ind1=" " ind2=" ">
    <subfield code="a">Buenos Aires: </subfield>
    <subfield code="b">delhospital ediciones;</subfield>
    <subfield code="c">2016.</subfield>
  </datafield>
  <datafield tag="300" ind1=" " ind2=" ">
    <subfield code="a">224 p.</subfield>
    <subfield code="c">22x15 cm.</subfield>
  </datafield>
  <datafield tag="500" ind1=" " ind2=" ">
    <subfield code="a">Rubinstein, E. (2016). Nietzsche y la medicina. Un libro para m&#xE9;dicos y no m&#xE9;dicos. (1a ed.). Buenos Aires : delhospital ediciones. </subfield>
  </datafield>
  <datafield tag="653" ind1=" " ind2=" ">
    <subfield code="a">Instante</subfield>
  </datafield>
  <datafield tag="653" ind1=" " ind2=" ">
    <subfield code="a">Historia</subfield>
  </datafield>
  <datafield tag="653" ind1=" " ind2=" ">
    <subfield code="a">Compasi&#xF3;n</subfield>
  </datafield>
  <datafield tag="653" ind1=" " ind2=" ">
    <subfield code="a">Moral</subfield>
  </datafield>
  <datafield tag="653" ind1=" " ind2=" ">
    <subfield code="a">Verdad, ciencia y arte</subfield>
  </datafield>
  <datafield tag="653" ind1=" " ind2=" ">
    <subfield code="a">Causa y efecto</subfield>
  </datafield>
  <datafield tag="653" ind1=" " ind2=" ">
    <subfield code="a">Voluntad de poder</subfield>
  </datafield>
  <datafield tag="653" ind1=" " ind2=" ">
    <subfield code="a">Salud y enfermedad</subfield>
  </datafield>
  <datafield tag="942" ind1=" " ind2=" ">
    <subfield code="2">ddc</subfield>
    <subfield code="c">BK</subfield>
  </datafield>
  <datafield tag="999" ind1=" " ind2=" ">
    <subfield code="c">2609</subfield>
    <subfield code="d">2609</subfield>
  </datafield>
  <datafield tag="952" ind1=" " ind2=" ">
    <subfield code="0">0</subfield>
    <subfield code="1">0</subfield>
    <subfield code="2">ddc</subfield>
    <subfield code="4">0</subfield>
    <subfield code="7">0</subfield>
    <subfield code="8">REF</subfield>
    <subfield code="a">BFM</subfield>
    <subfield code="b">BFM</subfield>
    <subfield code="c">REF</subfield>
    <subfield code="d">2017-12-18</subfield>
    <subfield code="e">Donaci&#xF3;n delHospital ediciones, Hospital Italiano. Diciembre 2017</subfield>
    <subfield code="l">0</subfield>
    <subfield code="o">610.1 76 RUB</subfield>
    <subfield code="p">4101</subfield>
    <subfield code="r">2017-12-18</subfield>
    <subfield code="t">Ej. 1</subfield>
    <subfield code="w">2017-12-18</subfield>
    <subfield code="y">REF</subfield>
    <subfield code="z">Donaci&#xF3;n delHospital ediciones, Hospital Italiano. Diciembre 2017</subfield>
  </datafield>
  <datafield tag="952" ind1=" " ind2=" ">
    <subfield code="0">0</subfield>
    <subfield code="1">0</subfield>
    <subfield code="2">ddc</subfield>
    <subfield code="4">0</subfield>
    <subfield code="7">0</subfield>
    <subfield code="a">BFM</subfield>
    <subfield code="b">BFM</subfield>
    <subfield code="c">CR</subfield>
    <subfield code="d">2017-12-18</subfield>
    <subfield code="e">Donaci&#xF3;n delHospital ediciones, Hospital Italiano. Diciembre 2017</subfield>
    <subfield code="l">0</subfield>
    <subfield code="o">610.1 76 RUB</subfield>
    <subfield code="p">4102</subfield>
    <subfield code="r">2017-12-18</subfield>
    <subfield code="t">Ej. 2</subfield>
    <subfield code="w">2017-12-18</subfield>
    <subfield code="y">BK</subfield>
    <subfield code="z">Donaci&#xF3;n delHospital ediciones, Hospital Italiano. Diciembre 2017</subfield>
  </datafield>
  <datafield tag="952" ind1=" " ind2=" ">
    <subfield code="0">0</subfield>
    <subfield code="1">0</subfield>
    <subfield code="2">ddc</subfield>
    <subfield code="4">0</subfield>
    <subfield code="7">0</subfield>
    <subfield code="a">BFM</subfield>
    <subfield code="b">BFM</subfield>
    <subfield code="c">CR</subfield>
    <subfield code="d">2017-12-18</subfield>
    <subfield code="e">Donaci&#xF3;n delHospital ediciones, Hospital Italiano. Diciembre 2017</subfield>
    <subfield code="l">0</subfield>
    <subfield code="o">610.1 76 RUB</subfield>
    <subfield code="p">4103</subfield>
    <subfield code="r">2017-12-18</subfield>
    <subfield code="t">Ej. 3</subfield>
    <subfield code="w">2017-12-18</subfield>
    <subfield code="y">BK</subfield>
    <subfield code="z">Donaci&#xF3;n delHospital ediciones, Hospital Italiano. Diciembre 2017</subfield>
  </datafield>
</record>
